STRUCTURAL CHARACTERIZATION OF POLYMER BASED HONEYCOMB SANDWICH STRUCTURE MANUFACTURED THROUGH ADDITIVE MANUFACTURING / (Record no. 610981)
[ view plain ]
| 000 -LEADER | |
|---|---|
| fixed length control field | 02316nam a22001577a 4500 |
| 082 ## - DEWEY DECIMAL CLASSIFICATION NUMBER | |
| Classification number | 670 |
| 100 ## - MAIN ENTRY--PERSONAL NAME | |
| Personal name | AHMAD, FAIZAN ALI |
| 245 ## - TITLE STATEMENT | |
| Title | STRUCTURAL CHARACTERIZATION OF POLYMER BASED HONEYCOMB SANDWICH STRUCTURE MANUFACTURED THROUGH ADDITIVE MANUFACTURING / |
| Statement of responsibility, etc. | FAIZAN ALI AHMAD |
| 264 ## - PRODUCTION, PUBLICATION, DISTRIBUTION, MANUFACTURE, AND COPYRIGHT NOTICE | |
| Place of production, publication, distribution, manufacture | Islamabad : |
| Name of producer, publisher, distributor, manufacturer | SMME- NUST; |
| Date of production, publication, distribution, manufacture, or copyright notice | 2024. |
| 300 ## - PHYSICAL DESCRIPTION | |
| Extent | 122p. |
| Other physical details | Soft Copy |
| Dimensions | 30cm. |
| 500 ## - GENERAL NOTE | |
| General note | Abstract<br/>Honeycomb Sandwich structures are critical components in aviation industry owing to<br/>its impressive mechanical properties including strength-to-weight ratio, flexural rigidity etc.<br/>With the recent advancement in rapid prototyping, traditional manufacturing techniques for<br/>honeycomb manufacturing have limited the possibilities for innovative design. The advent of<br/>Fused Deposition Modelling (FDM), an AM technique, has expanded the design possibilities<br/>and holds the potential to improve the functionality of sandwich panels. In the outlined study,<br/>polymer (PLA) based honeycomb sandwich structures manufactured with FDM were subjected<br/>to variations in their geometrical features; cell size, wall thickness, and core height. These<br/>variations were then evaluated for two major mechanical properties: flatwise compressive<br/>strength and flexural stiffness of the structure. The study employed a Design of Experiment<br/>based on RSMs Central Composite Design. This research optimized FDM process parameters<br/>from existing literature to fabricate sandwich structure specimens. Mechanical properties were<br/>evaluated using ASTM C365 and C393 standards, and statistical models were developed to<br/>relate input variables to responses. The findings showed that cell size and wall thickness<br/>significantly impacted compressive strength, while core height had a greater influence on<br/>flexural rigidity. Stress-strain and load-deflection curves consistent with literature were<br/>obtained. This study demonstrates the importance of optimizing FDM parameters and<br/>geometric variables to minimize weight while maintaining structural integrity, contributing to<br/>the development of lightweight sandwich structures. |
| 650 ## - SUBJECT ADDED ENTRY--TOPICAL TERM | |
| Topical term or geographic name entry element | Ms in Design and Manufacturing Engineering |
| 700 ## - ADDED ENTRY--PERSONAL NAME | |
| Personal name | Supervisor : Dr. Shahid Ikramullah Butt |
| 856 ## - ELECTRONIC LOCATION AND ACCESS | |
| Uniform Resource Identifier | <a href=" http://10.250.8.41:8080/xmlui/handle/123456789/45550"> http://10.250.8.41:8080/xmlui/handle/123456789/45550</a> |
| 942 ## - ADDED ENTRY ELEMENTS (KOHA) | |
| Source of classification or shelving scheme | |
| Koha item type | Thesis |
| Withdrawn status | Permanent Location | Current Location | Shelving location | Date acquired | Full call number | Barcode | Koha item type |
|---|---|---|---|---|---|---|---|
| School of Mechanical & Manufacturing Engineering (SMME) | School of Mechanical & Manufacturing Engineering (SMME) | E-Books | 08/19/2024 | 670 | SMME-Th-1047 | Thesis |
